| 000 | 00940nam a2200241 a 4500 | ||
|---|---|---|---|
| 001 | 13133 | ||
| 003 | BD-JhCC | ||
| 005 | 20230712090229.0 | ||
| 008 | 230712s2019 bg a|||| |||| 000 0 ben d | ||
| 020 | _a9789847764924 | ||
| 035 | _a(BD-JhCC)13133 | ||
| 040 |
_aBD-JhCC _dBD-JhCC |
||
| 041 | _aben | ||
| 082 |
_a650.13 _bCHO 2019 |
||
| 100 | _aচৌধুরী, মো: মাছুম | ||
| 245 |
_aপ্রফেশনালিজম ইন দ্য ওয়ার্কপ্লেস : _bকর্পোরেট ডেসকোড, গ্রুমিং এবং এটিকেট / _cমো: মাছুম চৌধুরী, |
||
| 260 |
_aঢাকা : _bঐতিহ্য, _c২০১৯ |
||
| 300 |
_a১৭৩ পৃ. : _bচিত্রাবলী সংযোজিত, _c২৩ সেমি. |
||
| 650 | _aCareer development | ||
| 650 | _aSelf-presentation | ||
| 650 | _aBusiness etiquette | ||
| 942 |
_2ddc _cBK |
||
| 999 |
_c13133 _d13133 |
||